I can see just fine / (Record no. 1594)
[ view plain ]
| 000 -LEADER | |
|---|---|
| fixed length control field | 00910cam a2200241 i 4500 |
| 005 - DATE AND TIME OF LATEST TRANSACTION | |
| control field | 20230908143634.0 |
| 020 ## - INTERNATIONAL STANDARD BOOK NUMBER | |
| International Standard Book Number | 9780545686594 |
| 040 ## - CATALOGING SOURCE | |
| Original cataloging agency | DLC |
| Language of cataloging | eng |
| Transcribing agency | DLC |
| Description conventions | rda |
| Modifying agency | DLC |
| 050 00 - LIBRARY OF CONGRESS CALL NUMBER | |
| Classification number | PZ7.B2357 |
| 082 00 - DEWEY DECIMAL CLASSIFICATION NUMBER | |
| Classification number | 813.6 |
| Edition number | 23 |
| 100 1# - MAIN ENTRY--PERSONAL NAME | |
| Personal name | Barclay, Eric |
| Relator term | author, |
| -- | illustrator |
| 245 10 - TITLE STATEMENT | |
| Title | I can see just fine / |
| Statement of responsibility, etc. | Eric Barclay. |
| 300 ## - PHYSICAL DESCRIPTION | |
| Extent | 29 unnumbered pages : |
| Other physical details | color illustrations ; |
| Dimensions | 23 cm |
| 505 ## - FORMATTED CONTENTS NOTE | |
| Formatted contents note | M <br/> |
| 520 ## - SUMMARY, ETC. | |
| Summary, etc. | "Though Paige claims, 'I can see just fine,' her parents grow concerned and decide it's time for Paige to visit the eye doctor. Paige remains defiant until she finds the perfect frames and more importantly, perfect eyesight"-- |
| Assigning source | Provided by publisher. |
| 521 ## - TARGET AUDIENCE NOTE | |
| Target audience note | 530 <br/> |
| Source | Lexile AD <br/><br/> |
| 521 ## - TARGET AUDIENCE NOTE | |
| Target audience note | M <br/> |
| Source | Raz-Plus <br/> |
| 650 #1 - SUBJECT ADDED ENTRY--TOPICAL TERM | |
| Topical term or geographic name entry element | Eyeglasses |
| Form subdivision | Fiction. |
| 650 #1 - SUBJECT ADDED ENTRY--TOPICAL TERM | |
| Topical term or geographic name entry element | Vision |
| Form subdivision | Fiction. |
| 906 ## - LOCAL DATA ELEMENT F, LDF (RLIN) | |
| a | 7 |
| b | cbc |
| c | orignew |
| d | 1 |
| e | ecip |
| f | 20 |
| g | y-gencatlg |
| 942 ## - ADDED ENTRY ELEMENTS (KOHA) | |
| Source of classification or shelving scheme | Dewey Decimal Classification |
| Koha item type | Books |
| Suppress in OPAC | No |
| 999 ## - | |
| -- | 1594 |
| -- | 1594 |
| Withdrawn status | Lost status | Source of classification or shelving scheme | Damaged status | Not for loan | Collection | Home library | Current library | Shelving location | Date acquired | Total Checkouts | Full call number | Barcode | Date last seen | Date last checked out | Copy number | Price effective from | Koha item type |
|---|---|---|---|---|---|---|---|---|---|---|---|---|---|---|---|---|---|
| Dewey Decimal Classification | Juvenile Fiction | Footprints International School Library Network Toul Kork Campus | Footprints International School Library Network Toul Kork Campus | 09/08/2023 | 5 | BAR Fic PZ7.B2357 | 2023-0541 | 04/08/2024 | 03/19/2024 | 1 | 09/08/2023 | Books | |||||
| Dewey Decimal Classification | Juvenile Fiction | Footprints International School Library Network Toul Kork Campus | Footprints International School Library Network Toul Kork Campus | 09/08/2023 | 5 | BAR Fic PZ7.B2357 | 2023-0542 | 05/08/2025 | 09/18/2024 | 2 | 09/08/2023 | Books | |||||
| Dewey Decimal Classification | Juvenile Fiction | Footprints International School Library Network Toul Kork Campus | Footprints International School Library Network Toul Kork Campus | 09/08/2023 | 7 | BAR Fic PZ7.B2357 | 2023-0543 | 05/08/2025 | 09/18/2024 | 3 | 09/08/2023 | Books |
